000
00349pam a2200157a 44500
008
230515b2010 xxu||||| |||| 00| 0 eng d
020
_a
NULL
041
_a
ENGLISH
082
_a
005.1 FOR
100
_a
FOROUZAN BEHROUZ
245
_a
DATA STRUCTURES & ALGORITHMS
250
_a
1
260
_a
N
_b
NA
_c
2010
300
_a
XI-G 9
650
_a
NULL
999
_c
637506
_d
637506